UM Logo

Classroom manual: (Record no. 934)

MARC details
000 -LEADER
fixed length control field 00645nam a2200181 4500
008 - FIXED-LENGTH DATA ELEMENTS--GENERAL INFORMATION
fixed length control field 160204b xxu||||| |||| 00| 0 eng d
020 ## - INTERNATIONAL STANDARD BOOK NUMBER
International Standard Book Number 9781285429717
082 ## - DEWEY DECIMAL CLASSIFICATION NUMBER
Edition number 2015
Classification number DK12 629.2
Item number P595
100 ## - MAIN ENTRY--PERSONAL NAME
9 (RLIN) 2438
Personal name Pickerill, Ken.
245 ## - TITLE STATEMENT
Title Classroom manual:
Remainder of title for automotive brake systems /
Statement of responsibility, etc. Ken Pickerill.
250 ## - EDITION STATEMENT
Edition statement 6th edition.
260 ## - PUBLICATION, DISTRIBUTION, ETC. (IMPRINT)
Place of publication, distribution, etc. Australia :
Name of publisher, distributor, etc. Cengage Learning,
Date of publication, distribution, etc. c2015.
300 ## - PHYSICAL DESCRIPTION
Extent xvi, 283 pages :
Other physical details colored illustration ;
Dimensions 28 cm.
500 ## - GENERAL NOTE
General note Includes glossary and index.
650 #0 - SUBJECT ADDED ENTRY--TOPICAL TERM
9 (RLIN) 2439
Topical term or geographic name as entry element Automobiles
General subdivision Brakes
-- Maintenance and repair
Form subdivision Handbooks, manuals, etc.
650 #0 - SUBJECT ADDED ENTRY--TOPICAL TERM
9 (RLIN) 2442
Topical term or geographic name as entry element Automobiles
General subdivision Brakes
942 ## - ADDED ENTRY ELEMENTS (KOHA)
Source of classification or shelving scheme Dewey Decimal Classification
Koha item type Books
Holdings
Withdrawn status Lost status Source of classification or shelving scheme Damaged status Not for loan Collection code Home library Current library Date acquired Source of acquisition Total Checkouts Full call number Barcode Date last seen Copy number Price effective from Koha item type
    Dewey Decimal Classification     K-12 UM Digos College - LIC UM Digos College - LIC 08/12/2015 Purchased   DK12 629.2 P595 2015 23050 05/15/2025 1 02/05/2016 Books